Normal view
MARC view
- Michael, Norma Burton, Celia
Entry Personal Name
001 - CONTROL NUMBER
- control field: 75007
003 - CONTROL NUMBER IDENTIFIER
- control field: NUST
005 - DATE AND TIME OF LATEST TRANSACTION
- control field: 20210628205331.0
008 - FIXED-LENGTH DATA ELEMENTS
- fixed length control field: 210628|| aca||aabn | a|a d
040 ## - CATALOGING SOURCE
- Original cataloging agency: NUST
- Transcribing agency: NUST
100 ## - HEADING--PERSONAL NAME
- Personal name: Michael, Norma Burton, Celia
670 ## - SOURCE DATA FOUND
- Source citation: Work cat.: (NUST): Michael, Norma Burton, Celia, Basic project management how to make it work in your organization, 1995
